[Event "Cto Aragón Equipos Pref Gr II"]
[Site "Aragon"]
[Date "2015.02.07"]
[Round "3.67"]
[White "Solano Lasierra, Javier"]
[Black "Forcen Esteban, Victor"]
[Result "1-0"]
[WhiteElo "2167"]
[BlackElo "1916"]
[PlyCount "79"]
[EventDate "2015.01.24"]
[WhiteTeam "La Aurora Estadilla"]
[BlackTeam "Marcos Frechin"]

1. e4 c5 2. Nc3 d6 3. f4 a6 4. Nf3 Nc6 5. g3 g6 6. Bg2 Bg7 7. O-O Bg4 8. h3 Bd7
9. d3 Rb8 10. Ne2 e5 11. fxe5 Nxe5 12. Nxe5 Bxe5 13. c3 Ne7 14. Bh6 Ng8 15. Be3
b6 16. Qd2 Bg7 17. Bg5 Ne7 18. Qf4 Be6 19. Bf6 O-O 20. Bxg7 Kxg7 21. Qf6+ Kg8
22. Nf4 Bc8 23. Qg5 Nc6 24. Qh6 Ne5 25. d4 Nc4 26. b3 Na5 27. d5 Qe7 28. Rae1
Bd7 29. Rf2 Rbe8 30. Ref1 Nb7 31. h4 Qe5 32. Ne2 Bg4 33. Kh2 Bxe2 34. Rxe2 Qxc3
35. Ref2 Qg7 36. Qd2 Qe5 37. Rf6 Kg7 38. Qf2 h5 39. Rxf7+ Rxf7 40. Qxf7+ 1-0

[Event "Cto Aragón Equipos Pref Gr II"]
[Site "Aragon"]
[Date "2015.02.07"]
[Round "3.68"]
[White "Gaspar Calvo, Luis Alberto"]
[Black "Pellicer Cemeli, Jose Luis"]
[Result "1-0"]
[WhiteElo "1883"]
[BlackElo "2034"]
[PlyCount "53"]
[EventDate "2015.01.24"]
[WhiteTeam "Marcos Frechin"]
[BlackTeam "La Aurora Estadilla"]

1. e4 e6 2. d4 d5 3. e5 c5 4. c3 Qb6 5. Nf3 Nc6 6. Bd3 Nh6 7. O-O cxd4 8. cxd4
Nf5 9. Bxf5 exf5 10. Nc3 Be6 11. a3 a5 12. Na4 Qb5 13. Be3 Be7 14. Rc1 O-O 15.
Bg5 f6 16. exf6 Bxf6 17. Bxf6 Rxf6 18. Rc5 Qa6 19. Ng5 h6 20. Nxe6 Rxe6 21.
Rxd5 Qc4 22. Nb6 Qa6 23. Nxa8 Qxa8 24. Rxf5 Rg6 25. d5 Rd6 26. Qg4 Ne7 27. Re5
1-0

[Event "Cto Aragón Equipos Pref Gr II"]
[Site "Aragon"]
[Date "2015.02.07"]
[Round "3.69"]
[White "Galve Guinea, Alejandro"]
[Black "Chueca Lorente, Javier"]
[Result "0-1"]
[WhiteElo "2041"]
[BlackElo "2039"]
[PlyCount "72"]
[EventDate "2015.01.24"]
[WhiteTeam "El Olivar C"]
[BlackTeam "St. Casablanca D"]

1. Nf3 d5 2. d4 c6 3. c4 e6 4. Nc3 dxc4 5. a4 Bb4 6. e3 b5 7. Bd2 a5 8. Be2 Bb7
9. Qc2 Nf6 10. e4 c5 11. dxc5 Bxc5 12. Nxb5 Nxe4 13. Be3 Qb6 14. Bxc5 Qxc5 15.
O-O Bd5 16. Rac1 O-O 17. Bxc4 Nf6 18. Bxd5 Qxc2 19. Rxc2 Nxd5 20. Nc7 Nxc7 21.
Rxc7 Na6 22. Rb7 Rab8 23. Rxb8 Rxb8 24. Rc1 g6 25. Kf1 Rxb2 26. Rc8+ Kg7 27.
Ra8 Nc5 28. Rxa5 Nd3 29. Ra7 Rxf2+ 30. Kg1 Ra2 31. Kf1 Rf2+ 32. Kg1 Ra2 33. Kf1
Ra1+ 34. Ke2 Nf4+ 35. Kf2 Ra2+ 36. Kg3 Nh5+ 0-1

[Event "Cto Aragón Equipos Pref Gr II"]
[Site "Aragon"]
[Date "2015.02.07"]
[Round "3.70"]
[White "Juberias Segura, Santiago"]
[Black "Correas Marcen, Jose Maria"]
[Result "1/2-1/2"]
[WhiteElo "2031"]
[BlackElo "2001"]
[PlyCount "32"]
[EventDate "2015.01.24"]
[WhiteTeam "St. Casablanca D"]
[BlackTeam "El Olivar C"]

1. c4 g6 2. g3 Bg7 3. Bg2 c5 4. Nc3 Nf6 5. Nf3 O-O 6. O-O d6 7. Rb1 Nc6 8. a3
Ne8 9. d3 Rb8 10. h3 Nc7 11. Nb5 a6 12. Nxc7 Qxc7 13. b4 b5 14. bxc5 dxc5 15.
Be3 Nd4 16. Bxd4 cxd4 1/2-1/2

[Event "Cto Aragón Equipos Pref Gr II"]
[Site "Aragon"]
[Date "2015.02.07"]
[Round "3.71"]
[White "De La Riva Fernandez, Eduardo"]
[Black "Zambrana Petisme, Ramiro"]
[Result "0-1"]
[WhiteElo "1944"]
[BlackElo "1908"]
[PlyCount "96"]
[EventDate "2015.01.24"]
[WhiteTeam "El Olivar C"]
[BlackTeam "St. Casablanca D"]

1. e4 c5 2. Nf3 Nc6 3. d4 cxd4 4. Nxd4 g6 5. c4 Bg7 6. Be3 Nf6 7. Nc3 d6 8. Be2
O-O 9. O-O Nxd4 10. Bxd4 Bd7 11. Rc1 Bc6 12. f3 a5 13. a4 Nd7 14. Bxg7 Kxg7 15.
Qd4+ Kg8 16. b3 Nc5 17. Bd1 Qb6 18. Qf2 Qc7 19. Bc2 Qb6 20. Qe3 e5 21. Nd5 Bxd5
22. exd5 Rae8 23. Rce1 Qd8 24. Qh6 Qf6 25. h4 Qf4 26. Qxf4 exf4 27. Kf2 f6 28.
g3 fxg3+ 29. Kxg3 Re5 30. f4 Ree8 31. Kf3 Rxe1 32. Rxe1 Kf7 33. h5 f5 34. Kg3
Re8 35. Rxe8 Kxe8 36. Kh4 Ke7 37. hxg6 hxg6 38. Kg3 Kf6 39. Kf3 g5 40. fxg5+
Kxg5 41. Kg3 Nd7 42. Bd1 Ne5 43. Bc2 f4+ 44. Kf2 Kg4 45. Bd1+ f3 46. Bc2 Kf4
47. Bb1 Ng4+ 48. Kf1 Ke3 0-1

[Event "Cto Aragón Ajedrez Equipos DH Gr I"]
[Site "Aragon"]
[Date "2015.02.14"]
[Round "4.1"]
[White "Forcen Esteban, Daniel"]
[Black "Veras Sanz, Marino"]
[Result "1-0"]
[WhiteElo "2526"]
[BlackElo "2057"]
[PlyCount "53"]
[EventDate "2015.01.24"]
[WhiteTeam "Jaime Casas"]
[BlackTeam "El Olivar B"]

1. e4 d6 2. d4 e5 3. Nf3 Nd7 4. Nc3 Ngf6 5. Bc4 Be7 6. O-O O-O 7. a4 c6 8. a5
exd4 9. Nxd4 Nc5 10. Re1 Qc7 11. Qf3 Be6 12. Bf1 d5 13. exd5 Nxd5 14. Nxe6 Nxe6
15. Nxd5 cxd5 16. Qxd5 Rad8 17. Qc4 Bc5 18. c3 Bxf2+ 19. Kxf2 Qxh2 20. Qg4 h5
21. Qg3 Qxg3+ 22. Kxg3 g5 23. Bc4 Nf4 24. Bxf4 gxf4+ 25. Kxf4 Rd2 26. Re2 Rfd8
27. Rae1 1-0

[Event "Cto Aragón Ajedrez Equipos DH Gr I"]
[Site "Aragon"]
[Date "2015.02.14"]
[Round "4.2"]
[White "Bayod Rubia, Angel"]
[Black "Antoli Royo, Joaquin Miguel"]
[Result "0-1"]
[WhiteElo "2010"]
[BlackElo "2437"]
[PlyCount "58"]
[EventDate "2015.01.24"]
[WhiteTeam "El Olivar B"]
[BlackTeam "Jaime Casas"]

1. Nf3 d6 2. e4 c5 3. d4 cxd4 4. Qxd4 e5 5. Bb5+ Nc6 6. Qd3 h6 7. O-O Nf6 8.
Nc3 Be7 9. Nd5 O-O 10. c3 Nxd5 11. exd5 Nb8 12. h3 Nd7 13. Bxd7 Bxd7 14. c4 f5
15. Qe2 Bf6 16. Rd1 Qb6 17. Be3 Qa6 18. a4 Rae8 19. b4 e4 20. Nd4 f4 21. b5 Qa5
22. Bd2 Qd8 23. Bc3 f3 24. Qe3 Qc8 25. Ne6 Bxe6 26. dxe6 Qxe6 27. Bxf6 Rxf6 28.
g4 Rg6 29. Kf1 h5 0-1

[Event "Cto Aragón Ajedrez Equipos DH Gr I"]
[Site "Aragon"]
[Date "2015.02.14"]
[Round "4.3"]
[White "Ramiro Ovejero, Juan Luis"]
[Black "Correas Marcen, Jose Maria"]
[Result "1-0"]
[WhiteElo "2350"]
[BlackElo "2001"]
[PlyCount "101"]
[EventDate "2015.01.24"]
[WhiteTeam "Jaime Casas"]
[BlackTeam "El Olivar B"]

1. e4 g6 2. d4 c6 3. Nf3 Bg7 4. c3 d5 5. Nbd2 dxe4 6. Nxe4 Nf6 7. Nxf6+ Bxf6 8.
Bh6 Bg4 9. Bc4 e6 10. h3 Bxf3 11. Qxf3 Nd7 12. Qg4 Nb6 13. Bb3 Qd7 14. O-O
O-O-O 15. Rfe1 Rde8 16. a4 Bd8 17. a5 Nd5 18. a6 b6 19. Qf3 Bc7 20. c4 Qd6 21.
cxd5 Qh2+ 22. Kf1 exd5 23. Be3 f5 24. g3 Qxh3+ 25. Qg2 Qg4 26. Bd1 Qe4 27. Qxe4
Rxe4 28. Rc1 Kd7 29. Bf3 Re6 30. Bf4 Rxe1+ 31. Rxe1 Bxf4 32. gxf4 Kd6 33. b4 b5
34. Kg2 Rb8 35. Rh1 Rh8 36. Kg3 Kc7 37. Kh4 Rf8 38. Kg5 Rf7 39. Re1 Kd7 40. Re5
Kd6 41. Re8 Kc7 42. Rh8 Kb6 43. Kh6 Kxa6 44. Rxh7 Rxh7+ 45. Kxh7 Kb6 46. Kxg6
a5 47. bxa5+ Kxa5 48. Kxf5 Kb4 49. Ke5 Kc3 50. f5 Kd2 51. f6 1-0

[Event "Cto Aragón Ajedrez Equipos DH Gr I"]
[Site "Aragon"]
[Date "2015.02.14"]
[Round "4.4"]
[White "Arinez Bruna, Octavio"]
[Black "Rudolf, Anna"]
[Result "0-1"]
[WhiteElo "1979"]
[BlackElo "2319"]
[PlyCount "78"]
[EventDate "2015.01.24"]
[WhiteTeam "El Olivar B"]
[BlackTeam "Jaime Casas"]

1. c4 e5 2. g3 Nf6 3. Bg2 d5 4. cxd5 Nxd5 5. Nc3 Nb6 6. Nf3 Nc6 7. O-O Be7 8.
a3 O-O 9. b4 Be6 10. Rb1 f6 11. d3 Nd4 12. Nd2 c6 13. Nde4 Bf7 14. Nc5 Qc7 15.
Bd2 Nc8 16. e3 Ne6 17. Nxe6 Bxe6 18. Qc2 Qd7 19. Ne2 Nd6 20. Bc3 Rfd8 21. Rfd1
Qe8 22. d4 Nc4 23. Ra1 Qh5 24. Bb2 a5 25. dxe5 fxe5 26. bxa5 Rxd1+ 27. Rxd1
Rxa5 28. a4 Nxb2 29. Qxb2 Rxa4 30. Nc3 Ra3 31. Ra1 Rxa1+ 32. Qxa1 Qe8 33. Ne4
Qb8 34. Qc3 Bd5 35. h4 h6 36. Kf1 b5 37. Nc5 b4 38. Qc2 Qb5+ 39. Nd3 e4 0-1

[Event "Cto Aragón Ajedrez Equipos DH Gr I"]
[Site "Aragon"]
[Date "2015.02.14"]
[Round "4.5"]
[White "Villuendas Valero, Adrian"]
[Black "Garcia Fernandez, Javier"]
[Result "1-0"]
[WhiteElo "2288"]
[BlackElo "2210"]
[PlyCount "63"]
[EventDate "2015.01.24"]
[WhiteTeam "St. Casablanca B"]
[BlackTeam "Teruel"]

1. c4 e6 2. Nc3 c6 3. e4 Ne7 4. d4 d5 5. e5 Qc7 6. a4 dxc4 7. Bxc4 Nd5 8. Qd3
a6 9. Nf3 h6 10. O-O Be7 11. Bd2 Nd7 12. a5 Rb8 13. Nxd5 exd5 14. Ba2 Nf8 15.
b4 Bd7 16. Rac1 Qd8 17. Rb1 Ne6 18. Rfe1 g6 19. h3 Bg5 20. Be3 Ng7 21. g4 f5
22. exf6 O-O 23. Bxg5 hxg5 24. fxg7 Kxg7 25. Ne5 Rf6 26. Nxd7 Qxd7 27. Rb2 Rh8
28. Qe3 Rf4 29. Qd3 Rxh3 30. Qxh3 Rxg4+ 31. Qxg4 Qxg4+ 32. Kf1 1-0

[Event "Cto Aragón Ajedrez Equipos DH Gr I"]
[Site "Aragon"]
[Date "2015.02.14"]
[Round "4.6"]
[White "Dominguez Bujeda, Jesus"]
[Black "Gomez Anadon, Daniel"]
[Result "1/2-1/2"]
[WhiteElo "2135"]
[BlackElo "2249"]
[PlyCount "61"]
[EventDate "2015.01.24"]
[WhiteTeam "Teruel"]
[BlackTeam "St. Casablanca B"]

1. d4 d5 2. c4 e6 3. Nc3 c6 4. e4 Bb4 5. Bd3 dxe4 6. Bxe4 Nf6 7. Bc2 c5 8. Nf3
Qa5 9. O-O Bxc3 10. bxc3 Qxc3 11. Bf4 O-O 12. Rc1 Qa5 13. Bd6 Re8 14. Ne5 cxd4
15. Qxd4 Nc6 16. Nxc6 bxc6 17. c5 Ba6 18. Rfe1 Rad8 19. Qh4 e5 20. Bxe5 Qd2 21.
f4 Bd3 22. Bxf6 gxf6 23. Bxd3 Qxd3 24. Qxf6 Rxe1+ 25. Rxe1 Qd4+ 26. Qxd4 Rxd4
27. Re8+ Kg7 28. Rc8 Rxf4 29. Rxc6 Ra4 30. Rc8 Rxa2 31. c6 1/2-1/2

[Event "Cto Aragón Ajedrez Equipos DH Gr I"]
[Site "Aragon"]
[Date "2015.02.14"]
[Round "4.7"]
[White "Cortes Lizano, Jesus"]
[Black "Martin Catalan, Juan Vicente"]
[Result "1-0"]
[WhiteElo "2128"]
[BlackElo "2087"]
[PlyCount "81"]
[EventDate "2015.01.24"]
[WhiteTeam "St. Casablanca B"]
[BlackTeam "Teruel"]

1. c4 Nf6 2. Nf3 e6 3. g3 d5 4. Bg2 Be7 5. d4 O-O 6. O-O dxc4 7. Nbd2 c5 8.
Nxc4 Nc6 9. dxc5 Bxc5 10. a3 a5 11. Qc2 Qe7 12. Bf4 h6 13. Rac1 Nd7 14. Rfd1 e5
15. Be3 Bxe3 16. Nxe3 Nf6 17. Qc5 Re8 18. Nd2 Nd4 19. Kf1 a4 20. Ne4 Nxe4 21.
Bxe4 Bh3+ 22. Ke1 Rad8 23. Qxe7 Rxe7 24. Nd5 Red7 25. Nb6 Rd6 26. Nxa4 f5 27.
Bb1 e4 28. Nc3 Bg4 29. Ba2+ Kf8 30. Bc4 Ke7 31. h3 Bxh3 32. Nd5+ Rxd5 33. Bxd5
Rxd5 34. Rc4 Rb5 35. Rdxd4 Rxb2 36. Rb4 Ra2 37. Rxb7+ Ke6 38. Rb3 g5 39. Rb6+
Ke7 40. Ra4 e3 41. Ra7+ 1-0

[Event "Cto Aragón Ajedrez Equipos DH Gr I"]
[Site "Aragon"]
[Date "2015.02.14"]
[Round "4.9"]
[White "Salamero Pelay, Fernando"]
[Black "Cebrian Valverde, Jose Antonio"]
[Result "0-1"]
[WhiteElo "2164"]
[BlackElo "2140"]
[PlyCount "52"]
[EventDate "2015.01.24"]
[WhiteTeam "Club atletismo Huesca"]
[BlackTeam "San Jose"]

1. e4 e6 2. d4 d5 3. Nd2 Nc6 4. Ngf3 Nf6 5. e5 Nd7 6. Bd3 Nb4 7. Be2 c5 8. c3
Nc6 9. O-O cxd4 10. cxd4 f6 11. Re1 Qb6 12. Nb3 a5 13. a4 Bb4 14. Bd2 Bxd2 15.
Nfxd2 fxe5 16. Bh5+ g6 17. Qg4 Nf8 18. dxe5 gxh5 19. Qxh5+ Ng6 20. Rac1 O-O 21.
Nc5 Rf5 22. Qh6 Ncxe5 23. h3 Nf7 24. Qe3 Re5 25. Qc3 Rxe1+ 26. Rxe1 e5 0-1

[Event "Cto Aragón Ajedrez Equipos DH Gr I"]
[Site "Aragon"]
[Date "2015.02.14"]
[Round "4.10"]
[White "Gutierrez Mingueza, Ruben"]
[Black "Luis Vitalla, Fernando"]
[Result "1/2-1/2"]
[WhiteElo "2076"]
[BlackElo "2143"]
[PlyCount "56"]
[EventDate "2015.01.24"]
[WhiteTeam "San Jose"]
[BlackTeam "Club atletismo Huesca"]

1. d4 d5 2. Nf3 Nf6 3. c4 c6 4. Nc3 e6 5. e3 Nbd7 6. Qc2 Bd6 7. Bd3 O-O 8. O-O
h6 9. b3 Re8 10. Bb2 e5 11. cxd5 cxd5 12. e4 exd4 13. Nxd5 Nxd5 14. exd5 Nf6
15. Rfe1 Rxe1+ 16. Rxe1 Nxd5 17. Qe2 Bg4 18. Qe4 Nf6 19. Qxd4 Bc7 20. Bc4 Bb6
21. Qf4 Bc7 22. Ne5 Be6 23. Bxe6 fxe6 24. Qc4 Nd5 25. Nf3 Qd7 26. h3 Rf8 27.
Ne5 Qd6 28. Bd4 Bb6 1/2-1/2

[Event "Cto Aragón Ajedrez Equipos DH Gr I"]
[Site "Aragon"]
[Date "2015.02.14"]
[Round "4.11"]
[White "Gella Lopez, Angel"]
[Black "Palomar Ramon, Santiago"]
[Result "1-0"]
[WhiteElo "2089"]
[BlackElo "1949"]
[PlyCount "101"]
[EventDate "2015.01.24"]
[WhiteTeam "Club atletismo Huesca"]
[BlackTeam "San Jose"]

1. d4 e6 2. c4 b6 3. e4 Bb7 4. f3 f5 5. exf5 exf5 6. Nc3 Bb4 7. d5 Qf6 8. Nge2
Nh6 9. Qd4 O-O 10. Qxf6 Rxf6 11. Bg5 Rf7 12. a3 Be7 13. Bxh6 gxh6 14. Nd4 c5
15. Ndb5 Na6 16. Bd3 d6 17. O-O Bc8 18. Rfe1 Bd7 19. Re2 Bf8 20. Rae1 h5 21. f4
Kg7 22. Re3 h4 23. Bc2 Kg6 24. Kf2 h5 25. g3 h3 26. Bd3 Kf6 27. Bf1 Re7 28.
Rxe7 Bxe7 29. Bxh3 h4 30. Bg2 Kf7 31. Bf3 Rh8 32. Nxa7 Bf6 33. Nab5 Be7 34. Rg1
Rh6 35. g4 fxg4 36. Bxg4 Bxg4 37. Rxg4 Rg6 38. Rxg6 Kxg6 39. Kf3 Nb8 40. Ne4
Nd7 41. Nbxd6 Nf6 42. Nxf6 Bxf6 43. b3 Kh5 44. h3 Bb2 45. Nc8 Bxa3 46. d6 Bb2
47. Nxb6 Bf6 48. Na4 Kg6 49. Nxc5 Kf5 50. d7 Be7 51. Nb7 1-0

[Event "Cto Aragón Ajedrez Equipos DH Gr I"]
[Site "Aragon"]
[Date "2015.02.14"]
[Round "4.12"]
[White "Rubio Tello, Abel"]
[Black "Laplaza Ara, Carlos"]
[Result "1/2-1/2"]
[WhiteElo "1860"]
[BlackElo "1954"]
[PlyCount "73"]
[EventDate "2015.01.24"]
[WhiteTeam "San Jose"]
[BlackTeam "Club atletismo Huesca"]

1. d4 d5 2. Nf3 Nf6 3. Bg5 c6 4. Nbd2 e6 5. Ne5 Qb6 6. Nb3 Nbd7 7. Bxf6 Nxf6 8.
e3 c5 9. Rb1 Bd7 10. Be2 Bd6 11. f4 Bb5 12. O-O Bxe2 13. Qxe2 O-O 14. c3 Qc7
15. Nd2 Nd7 16. Qg4 f5 17. Qg5 Nxe5 18. fxe5 Be7 19. Qh5 Rf7 20. Rf3 g6 21. Qh6
Bf8 22. Qg5 Qe7 23. Qg3 cxd4 24. exd4 g5 25. Rf2 Rg7 26. Rbf1 g4 27. Nb3 b6 28.
Nc1 Rg6 29. Ne2 Bh6 30. Nf4 Bxf4 31. Rxf4 h5 32. h4 Kh7 33. Qf2 g3 34. Qf3 Kh6
35. Qe3 Kh7 36. Qf3 Kh6 37. Qe3 1/2-1/2

[Event "Cto Aragón Ajedrez Equipos DH Gr I"]
[Site "Aragon"]
[Date "2015.02.14"]
[Round "4.13"]
[White "Llanes Luno, Ricardo"]
[Black "Lana Rodriguez, David"]
[Result "0-1"]
[WhiteElo "2176"]
[BlackElo "2254"]
[PlyCount "68"]
[EventDate "2015.01.24"]
[WhiteTeam "Delicias"]
[BlackTeam "Agrupacion"]

1. e4 e6 2. d4 d5 3. exd5 exd5 4. Bd3 Nc6 5. c3 Bd6 6. Ne2 Qf6 7. Be3 Nge7 8.
f3 Bf5 9. Na3 Qg6 10. Bxf5 Nxf5 11. Qd3 Qxg2 12. Rf1 g6 13. O-O-O Bxa3 14. bxa3
Nxe3 15. Qxe3+ Kd7 16. Rf2 Qh3 17. Qg5 Qe6 18. c4 Ne7 19. Nc3 Qc6 20. Re2 Nf5
21. Re5 f6 22. Qf4 fxe5 23. dxe5 d4 24. Rxd4+ Nxd4 25. Qxd4+ Ke8 26. e6 Rf8 27.
Nd5 b5 28. Qe5 Qxc4+ 29. Kb1 Rd8 30. Nxc7+ Ke7 31. Qg7+ Kd6 32. e7 Kc6 33.
exf8=Q Rd1+ 34. Kb2 Rd2+ 0-1

[Event "Cto Aragón Ajedrez Equipos DH Gr I"]
[Site "Aragon"]
[Date "2015.02.14"]
[Round "4.14"]
[White "Ramon Perez, Jose Luis"]
[Black "Roche Simon, Manuel Angel"]
[Result "0-1"]
[WhiteElo "2237"]
[BlackElo "2144"]
[PlyCount "106"]
[EventDate "2015.01.24"]
[WhiteTeam "Agrupacion"]
[BlackTeam "Delicias"]

1. e4 c5 2. Nc3 e6 3. f4 d5 4. Nf3 dxe4 5. Bb5+ Bd7 6. Bxd7+ Qxd7 7. Ne5 Qc7 8.
Nxe4 Nc6 9. O-O Nf6 10. Nxf6+ gxf6 11. Nxc6 Qxc6 12. f5 e5 13. d3 h5 14. Qf3
Qxf3 15. Rxf3 Bh6 16. Bxh6 Rxh6 17. Re1 Ke7 18. Re4 h4 19. Rh3 Rh5 20. Rexh4
Rxf5 21. Rh8 Rxh8 22. Rxh8 Rf4 23. a3 c4 24. Rb8 b6 25. Rb7+ Ke6 26. Rxa7 cxd3
27. cxd3 Rd4 28. Ra6 Rxd3 29. Rxb6+ Kf5 30. Rb4 e4 31. Kf2 Ke5 32. Ke2 f5 33.
Rc4 f4 34. Rc3 Rd8 35. Rc1 Rh8 36. Rh1 Rc8 37. Rb1 Rc2+ 38. Kf1 e3 39. a4 f3
40. gxf3 Kf4 41. a5 Kxf3 42. a6 Rxh2 43. Kg1 Rg2+ 44. Kh1 Kf2 45. b4 Rg8 46.
Rb2+ e2 47. Rxe2+ Kxe2 48. Kh2 Kf2 49. Kh3 Kf3 50. Kh2 Rg2+ 51. Kh3 Ra2 52. b5
Ra5 53. a7 Rxa7 0-1

[Event "Cto Aragón Ajedrez Equipos DH Gr I"]
[Site "Aragon"]
[Date "2015.02.14"]
[Round "4.15"]
[White "Neila Castillo, Miguel Angel"]
[Black "Mimbela Lopez, Miguel A"]
[Result "0-1"]
[WhiteElo "2116"]
[BlackElo "2148"]
[PlyCount "63"]
[EventDate "2015.01.24"]
[WhiteTeam "Delicias"]
[BlackTeam "Agrupacion"]

1. Nf3 e6 2. g3 f5 3. Bg2 Nf6 4. O-O d5 5. c4 c6 6. b3 Bd6 7. Bb2 Nbd7 8. Nc3
O-O 9. d3 Ne5 10. e4 Nxd3 11. Qxd3 fxe4 12. Qe2 exf3 13. Bxf3 Qe7 14. Rad1 Bd7
15. Rfe1 Qf7 16. Rf1 Rae8 17. Qd2 Qg6 18. cxd5 exd5 19. Nxd5 cxd5 20. Bxd5+ Kh8
21. Bxb7 Be5 22. Ba3 Rg8 23. Bc5 Bg4 24. Rde1 Bh3 25. Bg2 Bxg2 26. Kxg2 Rd8 27.
Qb4 Nd5 28. Qb7 Nf4+ 29. Kh1 Nd3 30. Rxe5 Nxe5 31. Bxa7 Rd7 32. Qb6 0-1

[Event "Cto Aragón Ajedrez Equipos DH Gr I"]
[Site "Aragon"]
[Date "2015.02.14"]
[Round "4.16"]
[White "Carruez Berges, Santiago"]
[Black "Campo Millan, Diego"]
[Result "1-0"]
[WhiteElo "2084"]
[BlackElo "2057"]
[PlyCount "110"]
[EventDate "2015.01.24"]
[WhiteTeam "Agrupacion"]
[BlackTeam "Delicias"]

1. d4 Nf6 2. c3 g6 3. Bf4 Bg7 4. h3 d6 5. Nf3 O-O 6. e3 Nc6 7. Be2 Qe8 8. O-O
e5 9. Bh2 Qe7 10. Na3 a6 11. Nc4 Ne8 12. a4 e4 13. Ne1 f5 14. Qb3 Kh8 15. Nc2
g5 16. f3 exf3 17. Bxf3 Nf6 18. Nd2 g4 19. hxg4 fxg4 20. Be2 Bh6 21. Bf4 Bxf4
22. Rxf4 Be6 23. c4 Nh5 24. Rxf8+ Rxf8 25. Rf1 Ng3 26. Rxf8+ Qxf8 27. Bf1 Bc8
28. Qc3 Bf5 29. Bd3 Qh6 30. Nf1 Nxf1 31. Bxf5 Ng3 32. Qd3 Qh1+ 33. Kf2 Qh4 34.
Kg1 Ne7 35. e4 Ngxf5 36. exf5 g3 37. Ne1 Qf4 38. Kh1 Nxf5 39. d5 Qf2 40. Nf3 h5
41. Qc3+ Kg8 42. Qf6 Ng7 43. Qd8+ Kh7 44. Qh4 Qf1+ 45. Ng1 Qe1 46. Qf4 b6 47.
Qg5 a5 48. Qf4 Kg6 49. Qf3 Nf5 50. Qf4 Qe3 51. Qf1 Qf2 52. Qb1 Kf6 53. Nh3 Ne3
54. Qe4 Qe1+ 55. Ng1 Ng4 1-0

[Event "Cto Aragón Equipos DH Gr II"]
[Site "Aragon"]
[Date "2015.02.14"]
[Round "4.17"]
[White "Laliena Solanes, Luis"]
[Black "Colas Longares, Rafael P"]
[Result "0-1"]
[WhiteElo "2150"]
[BlackElo "2270"]
[PlyCount "108"]
[EventDate "2015.01.24"]
[WhiteTeam "ONCE Aragon"]
[BlackTeam "Caissa"]

1. e4 e5 2. Nf3 Nc6 3. Nc3 g6 4. d4 exd4 5. Nd5 Bg7 6. Bg5 Nce7 7. Nxd4 c6 8.
Nxe7 Nxe7 9. Qd2 h6 10. Be3 d5 11. f3 dxe4 12. fxe4 O-O 13. O-O-O c5 14. Nb3
Qxd2+ 15. Rxd2 b6 16. Bc4 Nc6 17. Bd5 Bb7 18. Rf1 Rab8 19. Bf4 Ne5 20. Bxb7
Rxb7 21. Rd5 Re8 22. Nd2 Rbe7 23. Bxe5 Bxe5 24. g3 Bg7 25. c3 h5 26. Kc2 Bh6
27. Re1 Bxd2 28. Kxd2 Rxe4 29. Rxe4 Rxe4 30. Rd7 a6 31. Rb7 b5 32. b3 h4 33.
Rb6 hxg3 34. hxg3 Re6 35. Rb8+ Kg7 36. Rc8 Re5 37. Rc6 Rg5 38. Rxa6 Rxg3 39. a4
bxa4 40. Rxa4 Rg5 41. Kd3 Re5 42. Kc4 g5 43. b4 cxb4 44. cxb4 g4 45. Ra5 Kf6
46. b5 g3 47. Ra1 Kg5 48. b6 Re8 49. Ra7 g2 50. Ra1 Kg4 51. Kd3 Kg3 52. b7 Rb8
53. Rb1 Kh2 54. Rb2 Kh1 0-1

[Event "Cto Aragón Equipos DH Gr II"]
[Site "Aragon"]
[Date "2015.02.14"]
[Round "4.18"]
[White "Garcia Vicente, Nieves"]
[Black "Cobo Garrido, Diego Israel"]
[Result "1/2-1/2"]
[WhiteElo "2171"]
[BlackElo "2040"]
[PlyCount "217"]
[EventDate "2015.01.24"]
[WhiteTeam "Caissa"]
[BlackTeam "ONCE Aragon"]

1. d4 d5 2. c4 c6 3. Nc3 Nf6 4. e3 Bf5 5. cxd5 cxd5 6. Qb3 Qd7 7. Nf3 e6 8. Bb5
Nc6 9. Ne5 Qc7 10. Qa4 Rc8 11. Qxa7 Nd7 12. Nxc6 bxc6 13. Qxc7 Rxc7 14. Be2 Bb4
15. Bd2 O-O 16. O-O Rb8 17. a3 Bxc3 18. Bxc3 c5 19. dxc5 Rxc5 20. Rfc1 Rbc8 21.
a4 e5 22. Rd1 f6 23. f4 Bc2 24. Rd2 Bb3 25. Bb5 Nb6 26. fxe5 fxe5 27. Bxe5 Rc1+
28. Rxc1 Rxc1+ 29. Kf2 Nxa4 30. Bxa4 Bxa4 31. Rxd5 Rc2+ 32. Ke1 Rxg2 33. Rd2
Rg1+ 34. Kf2 Rg6 35. Rd6 Rg5 36. Bc3 Bc2 37. Rd4 Rf5+ 38. Ke2 Rh5 39. h4 Kf7
40. Rf4+ Rf5 41. Rxf5+ Bxf5 42. Kf3 Bd7 43. Ke4 Ke6 44. Bxg7 Ba4 45. b4 Bc6+
46. Kd4 Kf5 47. Kc5 Be4 48. b5 Ke6 49. Bh6 Bg2 50. Bf4 Bf3 51. Kb6 Kd7 52. Kc5
Ke6 53. Kd4 Kf5 54. Kc4 Ke6 55. b6 Bg2 56. Kb5 Kd7 57. Bh6 Bf3 58. Ka6 Kc8 59.
Bg5 Bg2 60. Kb5 Kd7 61. Bf4 Bf3 62. Kc4 Ke6 63. Bc7 Bb7 64. Kd3 Kf5 65. Bd8 Bf3
66. Kc4 Ke6 67. Bc7 Bb7 68. Kc5 Bf3 69. Kb5 Bb7 70. Bf4 Kd7 71. Ka5 Bf3 72. Ka6
Kc8 73. Bc7 Bc6 74. Bg3 Bf3 75. Ka5 Kd7 76. Kb5 Bb7 77. Bh2 Bf3 78. Kb4 Ke6 79.
Kc5 Bb7 80. Bf4 Bf3 81. Kb5 Bb7 82. e4 Kd7 83. e5 Ke6 84. Kc5 Kd7 85. Bg5 Ke6
86. Bf6 Kd7 87. Bg5 Ke6 88. Bf6 Kd7 89. Kd4 Ke6 90. Bd8 Kf5 91. Bc7 Bg2 92. Kc5
Ke6 93. Kb5 Bb7 94. Kc4 Kf5 95. Kd4 Ke6 96. Bd8 Kf5 97. Bg5 Ke6 98. Bc1 Kf5 99.
Bb2 Ke6 100. Ke3 Kf5 101. Bc3 Bd5 102. Kf2 Bc6 103. h5 Bd5 104. Kg3 Bc6 105.
Kh4 Bd5 106. e6 Kxe6 107. Kg5 Kd7 108. Kf5 Kc6 109. Bd4 1/2-1/2

[Event "Cto Aragón Equipos DH Gr II"]
[Site "Aragon"]
[Date "2015.02.14"]
[Round "4.19"]
[White "Latorre Abad, Fernando"]
[Black "Gil Capape, Marco Antonio"]
[Result "1/2-1/2"]
[WhiteElo "2054"]
[BlackElo "2073"]
[PlyCount "42"]
[EventDate "2015.01.24"]
[WhiteTeam "ONCE Aragon"]
[BlackTeam "Caissa"]

1. e4 e6 2. d3 d5 3. Qe2 Nc6 4. Nf3 d4 5. g3 e5 6. Bg2 Be7 7. O-O Bg4 8. h3 Be6
9. Kh2 h5 10. c3 g5 11. cxd4 Nxd4 12. Nxd4 Qxd4 13. Be3 Qd7 14. Nc3 Nf6 15.
Rfd1 c5 16. f4 gxf4 17. gxf4 exf4 18. Bxf4 Qd4 19. Nb5 Ng4+ 20. Kh1 Nf2+ 21.
Kh2 Ng4+ 1/2-1/2

[Event "Cto Aragón Equipos DH Gr II"]
[Site "Aragon"]
[Date "2015.02.14"]
[Round "4.20"]
[White "Alonso Fdez-Revuelta, Rodrigo"]
[Black "Soriano Gracia, Manuel"]
[Result "0-1"]
[WhiteElo "2024"]
[BlackElo "1829"]
[PlyCount "78"]
[EventDate "2015.01.24"]
[WhiteTeam "Caissa"]
[BlackTeam "ONCE Aragon"]

1. e4 e5 2. Nf3 Nc6 3. Bb5 a6 4. Bxc6 dxc6 5. O-O Bd6 6. d4 Bg4 7. dxe5 Bxf3 8.
Qxf3 Bxe5 9. Nd2 Qh4 10. g3 Qh3 11. Nc4 Bd4 12. c3 Bc5 13. Be3 Bxe3 14. Nxe3
Nf6 15. Qf5 Qxf5 16. Nxf5 O-O-O 17. f3 g6 18. Ne3 Nd7 19. Rad1 Ne5 20. f4 Nd3
21. Rd2 Nc5 22. Rxd8+ Rxd8 23. e5 Rd2 24. Rf2 Rxf2 25. Kxf2 Nd3+ 26. Kf3 Nxb2
27. Ke4 Kd7 28. g4 Na4 29. Kd4 b5 30. h4 c5+ 31. Kd3 Ke6 32. c4 c6 33. h5 g5
34. fxg5 Kxe5 35. cxb5 cxb5 36. Nf5 Kf4 37. g6 fxg6 38. hxg6 hxg6 39. Ne7 g5
0-1

[Event "Cto Aragón Equipos DH Gr II"]
[Site "Aragon"]
[Date "2015.02.14"]
[Round "4.21"]
[White "Aguirre Izaguirre, Pedro Jose"]
[Black "Adla, Diego"]
[Result "0-1"]
[WhiteElo "2182"]
[BlackElo "2469"]
[PlyCount "66"]
[EventDate "2015.01.24"]
[WhiteTeam "Ibercaja"]
[BlackTeam "St. Casablanca"]

1. c4 e6 2. Nf3 d5 3. e3 Nf6 4. b3 Bd6 5. Bb2 O-O 6. Ne5 Nfd7 7. Nxd7 Nxd7 8.
Be2 c6 9. Nc3 f5 10. Qc2 Nf6 11. f4 Bd7 12. c5 Bc7 13. Bf3 e5 14. fxe5 Bxe5 15.
Ne2 Bc7 16. O-O Qe7 17. g3 Rf7 18. b4 Raf8 19. Nf4 Ne4 20. Kg2 g5 21. Nh5 Be5
22. d3 Nf6 23. Nxf6+ Rxf6 24. Rae1 Re6 25. Kf2 Bc7 26. Qc3 Rff6 27. Qd2 Rh6 28.
Kg1 g4 29. Bd1 Qg5 30. Qf2 Rh5 31. Kg2 Reh6 32. Rh1 Rh3 33. Reg1 Rxh2+ 0-1